00367nam a22001217a 4500008004100000040005500041080001700096100001400113245003700127260005200164300001000216500001900226240910b |||||||| |||| 00| 0 eng d aNational Science LibrarycNational Science Library a582.5=30bG0 aEngler, A aDie naturlichen pflanzenfamilien aLeipzig: bVerlag Von Wilhelm Engelmann, c1930 a707p. aVol. 15 A 1930